[Event "Wch U14 blitz"]
[Site "Batumi"]
[Date "2023.06.11"]
[Round "9"]
[White "Pham, Tran Gia Phuc"]
[Black "Daulet, Alikhan"]
[Result "0-1"]
[WhiteElo "1972"]
[BlackElo "1857"]
[PlyCount "136"]
[EventDate "2023.06.10"]
[EventType "swiss (blitz)"]
[EventRounds "11"]
[EventCountry "GEO"]
[SourceTitle "EXT 2024"]
[Source "ChessBase"]
[SourceDate "2023.10.10"]
[SourceVersion "1"]
[SourceVersionDate "2023.10.10"]
[SourceQuality "1"]
[WhiteTeam "Vietnam"]
[BlackTeam "Kazakhstan"]
[WhiteTeamCountry "VIE"]
[BlackTeamCountry "KAZ"]

1. d4 Nf6 2. Bf4 d5 3. Nf3 c5 4. e3 Nc6 5. Nbd2 e6 6. c3 Bd6 7. Bg3 0-0 8. Bd3 b6 9. e4 Be7 10. e5 Nd7 11. h4 h6 12. a3 a5 13. Qe2 c4 14. Bc2 b5 15. Bf4 f5 16. exf6 Nxf6 17. Ne5 Nxe5 18. Bxe5 Nd7 19. Bg3 Ra6 20. Nf3 Qe8 21. h5 Bf6 22. Ne5 Nxe5 23. Bxe5 Bxe5 24. Qxe5 Qf7 25. 0-0 Qf6 26. Rae1 Bd7 27. f4 Be8 28. f5 Qxe5 29. Rxe5 Bd7 30. fxe6 Rxf1+ 31. Kxf1 Bxe6 32. Bg6 Kf8 33. Kf2 Ke7 34. Ke3 Kd6 35. Kf4 Ra8 36. g4 Rf8+ 37. Bf5 Bf7 38. Kg3 b4 39. Re1 bxc3 40. bxc3 Rb8 41. Rb1 Rb3 42. Kf4 Be8 43. Re1 Bf7 44. Rb1 a4 45. Bh7 Be6 46. Bc2 Rxc3 47. Rb6+ Ke7 48. Bf5 Bxf5 49. Kxf5 Rxa3 50. Kg6 Rg3 51. Kxg7 Rxg4+ 52. Kxh6 Rxd4 53. Rb4 a3 54. Ra4 Rd3 55. Kg7 Rg3+ 56. Kh7 Kf6 57. h6 Ke5 58. Kh8 Kd4 59. h7 Rh3 60. Kg8 Rxh7 61. Kxh7 Kc3 62. Rxa3+ Kb2 63. Ra5 d4 64. Kg6 d3 65. Kf5 d2 66. Rd5 c3 67. Ke4 Kc1 68. Rd3 c2 0-1

[Event "Wch U14 rapid"]
[Site "Batumi"]
[Date "2023.06.08"]
[Round "11"]
[White "Daulet, Alikhan"]
[Black "Torosyan, Volodya"]
[Result "0-1"]
[WhiteElo "1681"]
[BlackElo "1838"]
[PlyCount "100"]
[EventDate "2023.06.06"]
[EventType "swiss (rapid)"]
[EventRounds "11"]
[EventCountry "GEO"]
[SourceTitle "EXT 2024"]
[Source "ChessBase"]
[SourceDate "2023.10.10"]
[SourceVersion "1"]
[SourceVersionDate "2023.10.10"]
[SourceQuality "1"]
[WhiteTeam "Kazakhstan"]
[BlackTeam "Armenia"]
[WhiteTeamCountry "KAZ"]
[BlackTeamCountry "ARM"]

1. d4 d5 2. c4 c6 3. Nf3 Nf6 4. Nc3 e6 5. Bg5 dxc4 6. e4 b5 7. e5 h6 8. Bh4 g5 9. Nxg5 hxg5 10. Bxg5 Nbd7 11. g3 Qb6 12. exf6 Bb7 13. Bg2 c5 14. d5 0-0-0 15. 0-0 b4 16. Na4 Qb5 17. dxe6 Bxg2 18. Kxg2 Ne5 19. Qe2 Qc6+ 20. f3 Qxe6 21. Rae1 Qh3+ 22. Kg1 Nd3 23. Rd1 Bd6 24. Qg2 Qd7 25. b3 Be5 26. f4 Bd4+ 27. Kh1 Qb7 28. Qxb7+ Kxb7 29. Kg2 Rde8 30. bxc4 Re2+ 31. Kf3 Re3+ 32. Kg4 Rxh2 33. f5 Ne5+ 34. Kf4 Rhe2 35. Bh4 Re4+ 36. Kg5 Rxa2 37. Rxd4 Rxd4 38. Nxc5+ Kc6 39. Ne6 Rxc4 40. Kh6 b3 41. Kg7 b2 42. Nd8+ Kd7 43. Rd1+ Kc8 44. Nxf7 Rc7 45. Re1 Nxf7 46. Re8+ Kb7 47. Re7 b1Q 48. Kxf7 Qxf5 49. Rxc7+ Kxc7 50. Kg7 Rf2 0-1

[Event "Wch U14 rapid"]
[Site "Batumi"]
[Date "2023.06.08"]
[Round "9"]
[White "Gilfanov, Marat I"]
[Black "Daulet, Alikhan"]
[Result "1/2-1/2"]
[WhiteElo "1921"]
[BlackElo "1681"]
[PlyCount "147"]
[EventDate "2023.06.06"]
[EventType "swiss (rapid)"]
[EventRounds "11"]
[EventCountry "GEO"]
[SourceTitle "EXT 2024"]
[Source "ChessBase"]
[SourceDate "2023.10.10"]
[SourceVersion "1"]
[SourceVersionDate "2023.10.10"]
[SourceQuality "1"]
[WhiteTeam "FIDE"]
[BlackTeam "Kazakhstan"]
[BlackTeamCountry "KAZ"]

1. e4 e6 2. d4 d5 3. e5 c5 4. c3 Nc6 5. Nf3 Bd7 6. Be2 f6 7. 0-0 fxe5 8. Nxe5 Nxe5 9. dxe5 Qc7 10. f4 Nh6 11. Na3 Be7 12. Nc2 0-0-0 13. Rb1 Rhg8 14. Bd3 g6 15. Be3 Nf5 16. Bxf5 gxf5 17. Rf2 Rg4 18. b4 Ba4 19. bxc5 Bxc5 20. Bxc5 Qxc5 21. Qd4 Qxd4 22. Nxd4 Bd7 23. Re1 Rdg8 24. Re3 Rh4 25. Rg3 Rxg3 26. hxg3 Rg4 27. Kh2 Kc7 28. Rb2 a6 29. Nf3 h6 30. Rb4 b5 31. Nd4 Rg8 32. Ne2 Kb6 33. Rd4 Rc8 34. Kg1 Be8 35. Rd3 Bh5 36. Nd4 Bf7 37. Kf2 a5 38. Ke3 b4 39. cxb4 axb4 40. Rb3 Rc4 41. a3 Kc5 42. axb4+ Rxb4 43. Rxb4 Kxb4 44. Kd3 Kc5 45. Kc3 Bg8 46. Nb3+ Kb5 47. Nd2 Bf7 48. Nf3 Kc5 49. Nd4 Bg8 50. Nb3+ Kb5 51. Na1 Bf7 52. Nc2 Kc5 53. Nd4 Bg8 54. Kd3 Bf7 55. Nb3+ Kb4 56. Nc1 Be8 57. Na2+ Kc5 58. Nc1 Bb5+ 59. Kc3 Bf1 60. Nb3+ Kc6 61. Nd4+ Kd7 62. Kb4 Bxg2 63. Kc5 Bf1 64. Kb6 Bc4 65. Kb7 Bd3 66. Kb6 Bc4 67. Kb7 Bf1 68. Kb6 Bh3 69. Kb7 Bg4 70. Kb6 Bd1 71. Kb7 Ba4 72. Kb6 Ke7 73. Kb7 Be8 74. Kc7 1/2-1/2

[Event "Wch U14 rapid"]
[Site "Batumi"]
[Date "2023.06.08"]
[Round "10"]
[White "Vardanyan, Arman M"]
[Black "Daulet, Alikhan"]
[Result "0-1"]
[WhiteElo "1362"]
[BlackElo "1681"]
[PlyCount "112"]
[EventDate "2023.06.06"]
[EventType "swiss (rapid)"]
[EventRounds "11"]
[EventCountry "GEO"]
[SourceTitle "EXT 2024"]
[Source "ChessBase"]
[SourceDate "2023.10.10"]
[SourceVersion "1"]
[SourceVersionDate "2023.10.10"]
[SourceQuality "1"]
[WhiteTeam "Armenia"]
[BlackTeam "Kazakhstan"]
[WhiteTeamCountry "ARM"]
[BlackTeamCountry "KAZ"]

1. d4 Nf6 2. c4 e6 3. Nf3 b6 4. Nc3 Bb7 5. e3 Bb4 6. Bd2 0-0 7. Be2 Bxc3 8. Bxc3 Ne4 9. Qc2 f5 10. 0-0 d6 11. Nd2 Nxc3 12. Qxc3 Nd7 13. Bf3 Bxf3 14. Nxf3 Qf6 15. Rfe1 Rae8 16. e4 e5 17. dxe5 Nxe5 18. Nxe5 Rxe5 19. f3 fxe4 20. Rxe4 Rxe4 21. Qxf6 Rxf6 22. fxe4 Re6 23. Re1 Kf7 24. Kf2 Rf6+ 25. Ke3 Ke6 26. g3 g5 27. h3 h5 28. Rd1 c6 29. b4 g4 30. hxg4 hxg4 31. Rd3 Rf1 32. Ke2 Rc1 33. Ke3 Rxc4 34. Ra3 Ke5 35. Rxa7 Rxe4+ 36. Kd3 Rxb4 37. Re7+ Kd5 38. Re2 Ra4 39. Rb2 Ra3+ 40. Ke2 Rxg3 41. Rxb6 Rg2+ 42. Kf1 Rxa2 43. Rb4 g3 44. Rb3 Kc4 45. Rxg3 d5 46. Ke1 d4 47. Kd1 c5 48. Kc1 Rh2 49. Kd1 d3 50. Kc1 Kc3 51. Rg1 c4 52. Rf1 Ra2 53. Kb1 Kb3 54. Rf8 Rh2 55. Rf1 c3 56. Kc1 d2+ 0-1

[Event "Wch U14 rapid"]
[Site "Batumi"]
[Date "2023.06.07"]
[Round "5"]
[White "Daulet, Alikhan"]
[Black "Pham, Tran Gia Phuc"]
[Result "1/2-1/2"]
[WhiteElo "1681"]
[BlackElo "2085"]
[PlyCount "102"]
[EventDate "2023.06.06"]
[EventType "swiss (rapid)"]
[EventRounds "11"]
[EventCountry "GEO"]
[SourceTitle "EXT 2024"]
[Source "ChessBase"]
[SourceDate "2023.10.10"]
[SourceVersion "1"]
[SourceVersionDate "2023.10.10"]
[SourceQuality "1"]
[WhiteTeam "Kazakhstan"]
[BlackTeam "Vietnam"]
[WhiteTeamCountry "KAZ"]
[BlackTeamCountry "VIE"]

1. d4 d5 2. c4 e6 3. Nc3 a6 4. Nf3 Nf6 5. Bg5 dxc4 6. a4 Bb4 7. e3 c5 8. dxc5 Qa5 9. Bxf6 gxf6 10. Qd4 Nd7 11. Bxc4 Qxc5 12. 0-0 Qxd4 13. Nxd4 Ne5 14. Be2 Bd7 15. Ne4 Ke7 16. Rfc1 Rac8 17. b3 f5 18. Ng3 Rc5 19. Rxc5 Bxc5 20. Rc1 Rc8 21. Nf3 f6 22. Nh5 Ng4 23. Rd1 Bd6 24. h3 Ne5 25. Nxf6 Bc6 26. Nh5 Nxf3+ 27. Bxf3 Bxf3 28. gxf3 Rc3 29. Rb1 Ba3 30. Nf4 b5 31. axb5 axb5 32. Ne2 Rd3 33. Nd4 b4 34. Kf1 Rd2 35. Ke1 Ra2 36. f4 Bb2 37. Ne2 Kd6 38. Rd1+ Kc5 39. Nd4 Bxd4 40. Rxd4 Rb2 41. Rd3 Rc2 42. Rd1 Rc3 43. Rb1 Kd5 44. Rd1+ Kc5 45. Rb1 Kd6 46. Kd2 Ke7 47. Ra1 Rxb3 48. Ra7+ Kd6 49. Rxh7 Rb2+ 50. Kd3 Rxf2 51. Rb7 Rh2 1/2-1/2

[Event "Wch U14 rapid"]
[Site "Batumi"]
[Date "2023.06.06"]
[Round "1"]
[White "Daulet, Alikhan"]
[Black "Vetokhin, Savva"]
[Result "0-1"]
[WhiteElo "1681"]
[BlackElo "2309"]
[PlyCount "108"]
[EventDate "2023.06.06"]
[EventType "swiss (rapid)"]
[EventRounds "11"]
[EventCountry "GEO"]
[SourceTitle "EXT 2024"]
[Source "ChessBase"]
[SourceDate "2023.10.10"]
[SourceVersion "1"]
[SourceVersionDate "2023.10.10"]
[SourceQuality "1"]
[WhiteTeam "Kazakhstan"]
[BlackTeam "FIDE"]
[WhiteTeamCountry "KAZ"]

1. d4 Nf6 2. c4 e6 3. Nf3 d5 4. g3 dxc4 5. Bg2 a6 6. 0-0 Nc6 7. e3 Rb8 8. Nfd2 e5 9. Bxc6+ bxc6 10. dxe5 Ng4 11. Nxc4 Be6 12. Nbd2 Bb4 13. b3 h5 14. Nf3 Qxd1 15. Rxd1 Bc3 16. Bb2 Bxc4 17. Bxc3 Be2 18. Nd4 Bxd1 19. Rxd1 Rd8 20. Rc1 Nxe5 21. Ba5 Rd7 22. Rc5 Rd5 23. Rxd5 cxd5 24. Bxc7 f6 25. Kf1 Kd7 26. Ba5 h4 27. Ke2 h3 28. f3 g5 29. g4 Rc8 30. Bd2 Nc6 31. Nf5 a5 32. f4 Nb4 33. a3 Nc6 34. Kd3 Rb8 35. Kc2 Ke6 36. Ng7+ Kf7 37. Nf5 Ke6 38. Ng7+ Kd7 39. Nh5 Rf8 40. b4 axb4 41. axb4 f5 42. gxf5 Rxf5 43. Kd3 g4 44. Ng3 Rf8 45. e4 Ne7 46. Kd4 Ra8 47. f5 Ra2 48. Kd3 dxe4+ 49. Nxe4 Ra3+ 50. Ke2 g3 51. hxg3 h2 52. Nf2 Nxf5 53. Bf4 Nxg3+ 54. Bxg3 Rxg3 0-1

[Event "Almaty Fizmat op"]
[Site "Almaty"]
[Date "2021.10.10"]
[Round "9"]
[White "Smirnov, Mark A"]
[Black "Daulet, Alikhan"]
[Result "1-0"]
[WhiteElo "1953"]
[BlackElo "1470"]
[PlyCount "143"]
[EventDate "2021.10.08"]
[EventType "swiss (rapid)"]
[EventRounds "9"]
[EventCountry "KAZ"]
[SourceTitle "EXT 2023"]
[Source "ChessBase"]
[SourceDate "2022.10.05"]
[SourceVersion "1"]
[SourceVersionDate "2022.10.05"]
[SourceQuality "1"]

1. e4 e6 2. d4 d5 3. Nd2 c5 4. exd5 Qxd5 5. Ngf3 cxd4 6. Bc4 Qd7 7. Nb3 Nc6 8. Nbxd4 a6 9. Nxc6 Qxc6 10. Bb3 Nf6 11. 0-0 Be7 12. Nd4 Qc7 13. Qf3 0-0 14. c3 Bd7 15. Bg5 Rac8 16. Rad1 Bc6 17. Nxc6 Qxc6 18. Qxc6 Rxc6 19. Rd3 Rd6 20. Rfd1 Rfd8 21. Rxd6 Rxd6 22. Rxd6 Bxd6 23. f3 Nd7 24. Kf2 h6 25. Be3 Kf8 26. g3 Ke7 27. Ke2 f5 28. Kd2 g5 29. Bc2 Ne5 30. Ke2 Nc4 31. Bc1 b5 32. b3 Nb6 33. Bd3 Nd5 34. Bd2 Kf6 35. c4 Nc7 36. Ba5 bxc4 37. Bxc4 Nb5 38. Kd3 g4 39. fxg4 fxg4 40. a4 Na7 41. Bxa6 h5 42. Bb7 Bc5 43. b4 Bg1 44. b5 Bxh2 45. b6 Bg1 46. Bc3+ e5 47. bxa7 Bxa7 48. Ke4 Bb8 49. a5 Kg5 50. Bxe5 Ba7 51. Bf4+ Kg6 52. Be3 Bb8 53. a6 h4 54. gxh4 g3 55. Kf3 Kh5 56. Bg5 Kg6 57. Kg4 Kg7 58. h5 Kg8 59. h6 Kf7 60. h7 Kg7 61. Be4 Ba7 62. Bf6+ Kxf6 63. h8Q+ Ke6 64. Qh7 Bf2 65. a7 Bxa7 66. Qxa7 Ke5 67. Qe3 Kd6 68. Bg2 Kc7 69. Qc5+ Kd7 70. Qb6 Ke8 71. Qc7 Kf8 72. Kf5 1-0

[Event "Kaspersky op U16"]
[Site "Tornelo INT"]
[Date "2021.04.02"]
[Round "7"]
[White "Daulet, Alikhan"]
[Black "Surya, Cleon Amadeus"]
[Result "1-0"]
[WhiteElo "1412"]
[BlackElo "1629"]
[PlyCount "89"]
[EventDate "2021.04.02"]
[EventType "swiss (blitz)"]
[EventRounds "11"]
[EventCountry "RUS"]
[SourceTitle "CBM 201 Extra"]
[Source "ChessBase"]
[SourceDate "2021.05.31"]
[SourceVersion "1"]
[SourceVersionDate "2021.05.31"]
[SourceQuality "1"]

1. e4 e5 2. Nf3 Nc6 3. Bc4 Nf6 4. d3 Be7 5. 0-0 0-0 6. c3 d6 7. Bb3 Bg4 8. Nbd2 Kh8 9. Re1 Ng8 10. h3 Bxf3 11. Nxf3 f5 12. exf5 Rxf5 13. d4 exd4 14. cxd4 d5 15. Bc2 Rf8 16. Qd3 g6 17. a3 Kg7 18. b4 Qd7 19. b5 Na5 20. Ne5 Qd6 21. Bd2 Nc4 22. Nxc4 dxc4 23. Qxc4 Rad8 24. Bc3 Bf6 25. Rad1 Ne7 26. Bb4 Qd7 27. Kh1 Nd5 28. Bxf8+ Rxf8 29. Bb3 Nf4 30. Re3 Bg5 31. Rf3 Be7 32. d5 Bxa3 33. Rxf4 Rxf4 34. Qxf4 Bd6 35. Qd4+ Kg8 36. Re1 Qxb5 37. Bc4 Qd7 38. Qxa7 Qf7 39. Qd4 b5 40. Bxb5 h5 41. Ra1 Kh7 42. Ra8 Bf8 43. Bd3 Qe7 44. Qe4 Qf7 45. Rxf8 1-0

[Event "Kaspersky op U16"]
[Site "Tornelo INT"]
[Date "2021.04.02"]
[Round "2"]
[White "Velarde, Jerish John"]
[Black "Daulet, Alikhan"]
[Result "1-0"]
[WhiteElo "1896"]
[BlackElo "1412"]
[PlyCount "71"]
[EventDate "2021.04.02"]
[EventType "swiss (blitz)"]
[EventRounds "11"]
[EventCountry "RUS"]
[SourceTitle "CBM 201 Extra"]
[Source "ChessBase"]
[SourceDate "2021.05.31"]
[SourceVersion "1"]
[SourceVersionDate "2021.05.31"]
[SourceQuality "1"]

1. e4 e6 2. d4 d5 3. Nc3 dxe4 4. Nxe4 Bd7 5. Nf3 Bc6 6. Bd3 Nd7 7. 0-0 Ngf6 8. Bg5 Be7 9. Qe2 0-0 10. Ned2 Nd5 11. Be3 Bf6 12. c4 Nxe3 13. fxe3 b6 14. Qf2 Bb7 15. Ne4 Be7 16. Rad1 h6 17. Ng3 c5 18. Bb1 Qc7 19. d5 Ne5 20. Qc2 Ng6 21. dxe6 f5 22. Nxf5 Bf6 23. e7 Bxe7 24. Nxe7+ Qxe7 25. Qxg6 Rf6 26. Qh7+ Kf7 27. Bg6+ Ke6 28. Be4 Bxe4 29. Qxe4+ Kf7 30. Qd5+ Kf8 31. Qxa8+ Kf7 32. Qd5+ Kf8 33. Ne5 Rxf1+ 34. Rxf1+ Ke8 35. Qg8+ Qf8 36. Qxf8# 1-0

[Event "Online Friendship U12"]
[Site "Tornelo INT"]
[Date "2020.11.21"]
[Round "5.2"]
[White "Baryschyk, Sergey"]
[Black "Daulet, Alikhan"]
[Result "1-0"]
[WhiteElo "1782"]
[BlackElo "1429"]
[PlyCount "137"]
[EventDate "2020.11.21"]
[EventType "team-swiss"]
[EventRounds "7"]
[EventCountry "BLR"]
[SourceTitle "CBM 199 Extra"]
[Source "ChessBase"]
[SourceDate "2021.01.31"]
[SourceVersion "1"]
[SourceVersionDate "2021.01.31"]
[SourceQuality "1"]
[WhiteTeam "Belarus Minsk"]
[BlackTeam "Kazakhstan"]
[WhiteTeamCountry "BLR"]
[BlackTeamCountry "KAZ"]

1. d4 Nf6 2. Nc3 d5 3. Bg5 Bf5 4. f3 e6 5. e4 dxe4 6. fxe4 Bg4 7. Bxf6 Qxf6 8. Qxg4 Qxd4 9. Bb5+ c6 10. Nge2 Qe3 11. Bd3 Bc5 12. Qf4 Qxf4 13. Nxf4 e5 14. Nh5 0-0 15. Ng3 Nd7 16. Na4 Bb4+ 17. c3 Ba5 18. b4 Bc7 19. 0-0-0 b5 20. Nb2 g6 21. Bxb5 cxb5 22. Rxd7 Bb6 23. Rhd1 Rac8 24. Ne2 Be3+ 25. Kc2 a6 26. Nd3 Rfd8 27. Nxe5 Rxd7 28. Rxd7 f6 29. Nd3 Bb6 30. e5 fxe5 31. Re7 Bd4 32. Nxe5 Bxe5 33. Rxe5 Kf7 34. Nd4 Kf6 35. Re6+ Kf7 36. Rxa6 Kg7 37. Nxb5 Rf8 38. Nd4 Rf2+ 39. Kd3 Rxg2 40. a4 Rxh2 41. a5 h5 42. Ra7+ Kh6 43. Re7 h4 44. a6 h3 45. Re1 Ra2 46. Rh1 h2 47. Nf3 Rxa6 48. Nxh2 Kg5 49. Kc4 Kf4 50. Rg1 g5 51. b5 Ra4+ 52. Kb3 Ra5 53. c4 Ra7 54. Rg4+ Kf5 55. Rg2 Re7 56. Kb4 Re4 57. b6 Re6 58. c5 Re4+ 59. Kb5 Re7 60. c6 Re5+ 61. Ka6 Re6 62. c7 Re8 63. b7 Re6+ 64. Ka7 Re8 65. c8Q+ Rxc8 66. bxc8Q+ Kf6 67. Ng4+ Kg6 68. Qe6+ Kh5 69. Qh6# 1-0

[Event "Online Friendship U12"]
[Site "Tornelo INT"]
[Date "2020.11.21"]
[Round "2.2"]
[White "Daulet, Alikhan"]
[Black "Cieslak, Patryk"]
[Result "0-1"]
[WhiteElo "1429"]
[BlackElo "1229"]
[PlyCount "104"]
[EventDate "2020.11.21"]
[EventType "team-swiss"]
[EventRounds "7"]
[EventCountry "BLR"]
[SourceTitle "CBM 199 Extra"]
[Source "ChessBase"]
[SourceDate "2021.01.31"]
[SourceVersion "1"]
[SourceVersionDate "2021.01.31"]
[SourceQuality "1"]
[WhiteTeam "Kazakhstan"]
[BlackTeam "Katowice Hetman Szopienice"]
[WhiteTeamCountry "KAZ"]
[BlackTeamCountry "POL"]

1. d4 Nf6 2. c4 e6 3. Nc3 Bb4 4. Bd2 0-0 5. g3 b6 6. Bg2 c6 7. e4 Ba6 8. e5 Ne8 9. Qb3 Bxc3 10. Bxc3 d5 11. exd6 Nxd6 12. c5 bxc5 13. dxc5 Nb5 14. Nf3 Qd5 15. Rd1 Qe4+ 16. Kd2 Nxc3 17. Qxc3 Qe2+ 18. Kc1 Qxf2 19. Rd2 Be2 20. Nh4 g5 21. Qe5 gxh4 22. Rxe2 Qf5 23. Qxf5 exf5 24. gxh4 Rc8 25. Rg1 Kf8 26. Re5 Na6 27. a3 Rab8 28. Rxf5 Nc7 29. Rgf1 Ne6 30. Rxf7+ Kg8 31. Bh3 Re8 32. Bxe6 Rxe6 33. Rxa7 Rc8 34. Rff7 Rh6 35. Rg7+ Kh8 36. Rg4 Re6 37. b4 Rf8 38. Rg2 Re4 39. Rc7 Re6 40. h5 Re1+ 41. Kb2 Re6 42. h4 h6 43. Rg6 Re3 44. Rxh6+ Kg8 45. Rg6+ Kh8 46. Rg2 Rff3 47. Rc8+ Kh7 48. h6 Rb3+ 49. Kc2 Rxa3 50. Rc7+ Kh8 51. Rd7 Ra2+ 52. Kd1 Rf1# 0-1